000 004470000a22001810004500
003 MACL
005 20151231113823.0
008 151231b xxu||||| |||| 00| 0 eng d
040 _aMACL
_cMACL
041 _aEnglish
082 _a297/GAU
100 _aGauba, Khalid L
_925414
245 _aThe prophet of The Desert
260 _bVarma Publishing Company
_c1934
_aLhore
350 _a4
650 _aReligion
_925416
942 _cBK
_k297/GAU
_2ddc
999 _c38624
_d38624